| 000 | 00812nam a22002177a 4500 | ||
|---|---|---|---|
| 005 | 20100810154816.0 | ||
| 010 | _aENG-99244 | ||
| 020 |
_a9788184882193 _c225.00 |
||
| 035 | _aEN-82776 | ||
| 037 | _bDBAD/PUB | ||
| 082 | _a667.3 | ||
| 100 |
_aChatwal, Gurdeep R. _910383 |
||
| 245 |
_aSynthetic dyes / _cby Gurdeep R. Chatwal |
||
| 250 | _a4th revised and enlarged edition | ||
| 260 |
_aNew Delhi _bHimalaya Publishing House _c2009 |
||
| 270 |
_a"Pooja Apartment", 4-B, Murari Lal Street, Ansari Road, Daryaganj _bNew Delhi _e110002 |
||
| 300 |
_avarious pagings _c24cm (pbk) |
||
| 650 |
_aDyes and dyeing _910384 |
||
| 942 |
_2ddc _cEN _h667.3 _mCHA |
||
| 999 |
_c40766 _d40766 |
||